Les départements d'Occitanie (Click) - Statistiques

Statistiques générales
  • Ce quiz a été pris 858 fois
  • Le résultat moyen est 8 sur 13
Statistiques - réponses
Hint Réponse % Correct

Pyrénées-Orientales
83%

Hautes-Pyrénées
71%

Hérault
71%

Gard
67%

Aveyron
62%

Aude
58%

Haute-Garonne
58%

Ariège
57%

Lot
54%

Lozère
54%

Tarn
50%

Gers
49%

Tarn-et-Garonne
44%
Aucun quiz correspondant
Distribution des résultats
% des personnes avec chaque résultat
Percentile par nombre de réponses
Votre historique - résultats
Vous n’avez pas pris ce quiz